[Event "20e tournoi de Noël"]
[Site "Montigny le Bretonneux"]
[Date "2019.12.28"]
[Round "3.12"]
[White "Ries, Antoine"]
[Black "Vadillo, Torre Ismael"]
[Result "0-1"]
[WhiteElo "1313"]
[BlackElo "1633"]
[Annotator "Rivier,Sylvain"]
[PlyCount "64"]
[EventDate "2019.??.??"]

{Ouverture anglaise, variante symétrique} 1. c4 c5 2. Nc3 Nc6 3. Nf3 g6 4. d4
cxd4 5. Nxd4 Bg7 6. e3 Nf6 7. Nxc6 bxc6 8. Be2 O-O 9. O-O Bb7 10. Bf3 Qc7 11.
e4 Rfe8 12. Be3 a5 13. Qd2 Ba6 14. b3 e6 15. Bg5 Qb7 16. Bh6 Qb4 17. Bxg7 Kxg7
18. Rfd1 e5 19. Ne2 Qxd2 20. Rxd2 d5 21. cxd5 cxd5 22. Nc3 d4 23. Nd5 Nxd5 24.
exd5 e4 25. Be2 d3 26. Bf1 Rac8 27. g3 Red8 28. Bg2 f5 29. Rdd1 Rxd5 30. h3
Rdc5 31. g4 Rc2 32. h4 d2 0-1

[Event "20e tournoi de Noël"]
[Site "Montigny le Bretonneux"]
[Date "2019.12.28"]
[Round "3.13"]
[White "Delmas, Mathis"]
[Black "Saint-Leger, Stephane"]
[Result "0-1"]
[WhiteElo "1120"]
[BlackElo "1610"]
[Annotator "Rivier,Sylvain"]
[PlyCount "68"]
[EventDate "2019.??.??"]

{Défense sicilienne, système fermé} 1. e4 c5 2. Nc3 g6 3. Bc4 Bg7 4. Nf3 e6 5.
O-O a6 6. e5 b5 7. Be2 Qc7 8. Re1 Nc6 9. d4 cxd4 10. Nxd4 Nxd4 11. Qxd4 Bxe5
12. Qh4 Bxc3 13. bxc3 Qxc3 14. Bg5 f6 15. Bh6 Nxh6 16. Qxh6 Kf7 17. Rac1 Ra7
18. Red1 Rc7 19. Bd3 f5 20. Qh4 d5 21. Re1 Qf6 22. Qf4 Re7 23. Re5 g5 24. Qd4
Rhe8 25. Rce1 h5 26. Be2 g4 27. Qb6 Qxe5 28. Kf1 Qc7 29. Qe3 Qxh2 30. f3 Qh1+
31. Kf2 g3+ 32. Kxg3 Rg8+ 33. Kf4 Qh2+ 34. g3 Qxg3# 0-1

[Event "20e tournoi de Noël"]
[Site "Montigny le Bretonneux"]
[Date "2019.12.28"]
[Round "3.14"]
[White "Rafalimanana, Hary"]
[Black "Benbakir, Ameur"]
[Result "0-1"]
[WhiteElo "1210"]
[BlackElo "1592"]
[Annotator "Rivier,Sylvain"]
[PlyCount "80"]
[EventDate "2019.??.??"]

{Ouverture du pion dame} 1. d4 Nf6 2. Bg5 g6 3. Nc3 Bg7 4. f3 O-O 5. e4 d6 6.
Qd2 Nbd7 7. h4 c5 8. d5 h5 9. Be2 Ne5 10. Bh6 a6 11. Nh3 b5 12. Bxg7 Kxg7 13.
Qg5 b4 14. Nd1 Rh8 15. Nhf2 e6 16. Ne3 exd5 17. O-O-O dxe4 18. f4 Nc6 19. Bc4
Nd4 20. Rd2 Nf5 21. Nxf5+ Bxf5 22. Rhd1 Ne8 23. Qg3 Qe7 24. Rd5 Be6 25. f5 Bxd5
26. Bxd5 Rd8 27. Nxe4 Qe5 28. Qg5 Nf6 29. Nxf6 Qxf6 30. Qg3 Qxf5 31. Bb7 a5 32.
Ba6 Rhe8 33. Bc4 Qe4 34. Bd3 Qe3+ 35. Qxe3 Rxe3 36. Rf1 f5 37. Kd2 Rde8 38. a3
d5 39. Ra1 c4 40. Bf1 c3+ 0-1

[Event "20e tournoi de Noël"]
[Site "Montigny le Bretonneux"]
[Date "2019.12.28"]
[Round "3.15"]
[White "Mongey, Alain"]
[Black "Montay, Jean-Paul"]
[Result "1-0"]
[WhiteElo "1589"]
[BlackElo "1298"]
[Annotator "Rivier,Sylvain"]
[PlyCount "59"]
[EventDate "2019.??.??"]

{Ouverture du pion dame} 1. d4 Nf6 2. Bg5 e6 3. Nf3 Be7 4. e3 O-O 5. c4 d6 6.
Nc3 d5 7. a3 c6 8. b4 Ne8 9. Bxe7 Qxe7 10. Bd3 Nd7 11. Qc2 h6 12. c5 e5 13.
dxe5 Nxe5 14. Nxe5 Qxe5 15. O-O Nf6 16. Ne2 Bg4 17. Ng3 Rfe8 18. h3 Bd7 19.
Rfe1 Ne4 20. Bxe4 dxe4 21. Rad1 Rad8 22. Rd4 Bf5 23. Red1 Rxd4 24. Rxd4 g6 25.
Qd2 Qf6 26. Qd1 h5 27. Nxf5 Qxf5 28. Rd7 Rb8 29. Qd6 Qd5 30. Qxb8+ 1-0

[Event "20e tournoi de Noël"]
[Site "Montigny le Bretonneux"]
[Date "2019.12.28"]
[Round "3.16"]
[White "Duget, Long Jc"]
[Black "Tanchoux, Pierre"]
[Result "1-0"]
[WhiteElo "1733"]
[BlackElo "1322"]
[Annotator "Rivier,Sylvain"]
[PlyCount "121"]
[EventDate "2019.??.??"]

{Partie espagnole, défense fermée} 1. e4 e5 2. Nf3 Nc6 3. Bb5 d6 4. c3 Bd7 5.
O-O Nf6 6. Re1 Be7 7. d3 O-O 8. Nbd2 a6 9. Ba4 b5 10. Bc2 Re8 11. Nf1 Bg4 12.
h3 Be6 13. Ng5 Qd7 14. Ng3 Rad8 15. Nxe6 fxe6 16. Qe2 Rf8 17. Be3 d5 18. Red1
d4 19. Bd2 Bc5 20. Be1 Qf7 21. Bb3 Kh8 22. c4 b4 23. Bd2 Be7 24. Ba4 Na7 25.
Rf1 c5 26. a3 a5 27. axb4 axb4 28. Bb3 Ra8 29. Ra6 Rfb8 30. Rfa1 Bd8 31. Bd1
Rb6 32. R6a4 Rbb8 33. Nf1 Qb7 34. Nh2 Nc6 35. Nf3 Rxa4 36. Rxa4 Ra8 37. Ng5
Rxa4 38. Bxa4 Qd7 39. Bxc6 Qe7 40. Nf3 Nd7 41. Bxd7 Qxd7 42. Nxe5 Qe8 43. Qf3
Bf6 44. Ng4 Be7 45. e5 Kg8 46. Qd1 Qf8 47. Nh2 Bd8 48. Qg4 Qf5 49. Qxf5 exf5
50. e6 Kf8 51. Nf3 h6 52. Ne5 Ke7 53. Nc6+ Ke8 54. Bf4 Bg5 55. Bd6 b3 56. Bxc5
Bc1 57. Bxd4 g6 58. Bc3 h5 59. d4 Bf4 60. c5 Bg5 61. d5 1-0

[Event "20e tournoi de Noël"]
[Site "Montigny le Bretonneux"]
[Date "2019.12.28"]
[Round "3.17"]
[White "Payot, Guillaume"]
[Black "Quenehen, Nassim"]
[Result "1/2-1/2"]
[WhiteElo "1273"]
[BlackElo "1261"]
[Annotator "Rivier,Sylvain"]
[PlyCount "58"]
[EventDate "2019.??.??"]

{Gambit dame, système Ragozin} 1. d4 d5 2. c4 e6 3. Nc3 Bb4 4. e3 Nf6 5. Nf3
Ne4 6. Bd2 Nxc3 7. Bxc3 Bxc3+ 8. bxc3 O-O 9. Bd3 Nd7 10. O-O Nf6 11. Re1 b6 12.
cxd5 exd5 13. e4 Nxe4 14. Bxe4 dxe4 15. Rxe4 Bb7 16. Re3 Re8 17. Qd3 Rxe3 18.
Qxe3 Qe8 19. Re1 Qxe3 20. Rxe3 Bxf3 21. Rxf3 Re8 22. Re3 Kf8 23. g4 Rxe3 24.
fxe3 Ke7 25. Kf2 Ke6 26. e4 g6 27. g5 a5 28. a4 b5 29. Ke3 bxa4 1/2-1/2

[Event "20e tournoi de Noël"]
[Site "Montigny le Bretonneux"]
[Date "2019.12.28"]
[Round "3.18"]
[White "Chaintreau, Maxime"]
[Black "Beduoglu, Cassandra"]
[Result "1-0"]
[WhiteElo "1259"]
[BlackElo "1130"]
[Annotator "Rivier,Sylvain"]
[PlyCount "99"]
[EventDate "2019.??.??"]

{Défense Grünfeld} 1. d4 d5 2. c4 c6 3. Nc3 Nf6 4. Nf3 g6 5. Bg5 Bg7 6. e3 O-O
7. Bd3 e6 8. Qc2 Na6 9. a3 Nc7 10. O-O Qe7 11. Rfe1 c5 12. Qb3 b6 13. Bxf6 Bxf6
14. cxd5 Bb7 15. Be4 Rad8 16. d6 Qxd6 17. Bxb7 a6 18. Ne4 Qe7 19. Nxf6+ Qxf6
20. Qxb6 Qe7 21. dxc5 Rb8 22. Qc6 Rfd8 23. b4 Qd7 24. Ne5 Qd5 25. Qxd5 Nxd5 26.
Nc6 Rd7 27. Nxb8 Rxb7 28. Nxa6 Ra7 29. b5 Nc3 30. a4 Ne4 31. c6 Nd6 32. Red1
Ne8 33. Rd8 Kf8 34. c7 Ke7 35. c8=Q Nd6 36. Qb8 Rb7 37. Qxd6+ Kf6 38. Qg3 Kg7
39. Nc5 Rb6 40. Qe5+ Kh6 41. h4 f5 42. Rg8 Kh5 43. g4+ Kxh4 44. Kg2 Kxg4 45.
f3+ Kh5 46. Rh1+ Kg5 47. Kg3 h5 48. Rh8 h4+ 49. R1xh4 Rb8 50. f4# 1-0

[Event "20e tournoi de Noël"]
[Site "Montigny le Bretonneux"]
[Date "2019.12.28"]
[Round "3.19"]
[White "Trimbitasu, Elyas"]
[Black "Vo, Bao Nam"]
[Result "1/2-1/2"]
[WhiteElo "1150"]
[BlackElo "1226"]
[Annotator "Rivier,Sylvain"]
[PlyCount "126"]
[EventDate "2019.??.??"]

{Partie des quatre cavaliers, variante espagnole} 1. e4 e5 2. Nf3 Nc6 3. Bb5
Nf6 4. Nc3 Bc5 5. O-O O-O 6. Bxc6 bxc6 7. Nxe5 Re8 8. Nd3 Bd4 9. Re1 Bxc3 10.
dxc3 Nxe4 11. Qf3 d5 12. Bf4 Be6 13. Ne5 c5 14. Nc6 Qc8 15. c4 Qb7 16. Na5 Qxb2
17. Bxc7 Qxc2 18. Rec1 Qa4 19. Nb3 dxc4 20. Qxe4 Qd7 21. Nxc5 Qxc7 22. Nxe6
fxe6 23. Rxc4 Qa5 24. Ra4 Qf5 25. Re1 Rab8 26. f3 Qc5+ 27. Qe3 Qxe3+ 28. Rxe3
Ra8 29. Kf2 g5 30. Kg3 Kf7 31. f4 Rg8 32. Ra6 Rg6 33. Re2 gxf4+ 34. Kf3 Rf6 35.
Ra4 Rf5 36. Rxf4 Kf6 37. g3 e5 38. Rxf5+ Kxf5 39. g4+ Kf6 40. Ke4 Rd8 41. Rf2+
Ke6 42. Ke3 Rd4 43. g5 Rg4 44. Rf6+ Kd5 45. Rf7 Rxg5 46. Rxh7 Rg2 47. a4 Ra2
48. Rxa7 Rxh2 49. a5 Rh3+ 50. Kd2 e4 51. a6 Ra3 52. Ra8 Kc6 53. Re8 Kd5 54. Ra8
e3+ 55. Ke2 Ke4 56. a7 Ra2+ 57. Ke1 Ra1+ 58. Ke2 Ra2+ 59. Kf1 Ra1+ 60. Kg2 Ra2+
61. Kg3 e2 62. Re8+ Kd3 63. Rd8+ Ke3 1/2-1/2

[Event "20e tournoi de Noël"]
[Site "Montigny le Bretonneux"]
[Date "2019.12.28"]
[Round "3.20"]
[White "Delmas, Enzo"]
[Black "Konate, Foune"]
[Result "0-1"]
[WhiteElo "1070"]
[BlackElo "1199"]
[Annotator "Rivier,Sylvain"]
[PlyCount "60"]
[EventDate "2019.??.??"]

{Défense des deux cavaliers} 1. e4 e5 2. Nf3 Nc6 3. Bc4 Nf6 4. Nc3 Na5 5. b3
Nxc4 6. bxc4 Bc5 7. O-O b6 8. Nxe5 Bb7 9. d3 Bd4 10. Bb2 Bxe5 11. Re1 Qe7 12.
d4 Bf4 13. e5 Ng8 14. Qg4 Bh6 15. d5 O-O-O 16. e6 Bd2 17. Re2 Nf6 18. Qh3 Qb4
19. Rxd2 Qxb2 20. Rdd1 fxe6 21. dxe6 dxe6 22. Qxe6+ Kb8 23. Nb5 Rhe8 24. Qh3
Qxc2 25. Qf3 Bxf3 26. gxf3 Rxd1+ 27. Rxd1 Qxd1+ 28. Kg2 Re1 29. Nc3 Rg1+ 30.
Kh3 Qxf3+ 0-1

[Event "20e tournoi de NoÃ«l"]
[Site "Montigny le Bretonneux"]
[Date "2019.12.28"]
[Round "4.1"]
[White "Surugue, Philippe"]
[Black "Fruchard, Cyrille"]
[Result "0-1"]
[WhiteElo "1867"]
[BlackElo "2283"]
[Annotator "Rivier,Sylvain"]
[PlyCount "132"]
[EventDate "2019.??.??"]

{Partie du pion dame, variante Tartacover} 1. d4 Nf6 2. Nf3 g6 3. Bg5 Bg7 4. c3
d5 5. Nbd2 Nbd7 6. e3 O-O 7. Bd3 b6 8. Ne5 Nxe5 9. dxe5 Ng4 10. Nf3 f6 11. exf6
exf6 12. Bh4 Qd6 13. Bg3 Ne5 14. Nh4 Qe7 15. O-O Bb7 16. Re1 Nxd3 17. Qxd3 Rad8
18. Rad1 c5 19. Qc2 Bc6 20. c4 dxc4 21. Qxc4+ Qf7 22. Qxf7+ Kxf7 23. Nf3 Ke7
24. b3 Rxd1 25. Rxd1 Rd8 26. Rxd8 Kxd8 27. Nd2 Bd5 28. e4 Be6 29. Bf4 Kd7 30.
Kf1 Kc6 31. Ke2 b5 32. Kd3 f5 33. f3 fxe4+ 34. fxe4 a6 35. h4 Bf6 36. g3 Bd8
37. Bh6 Bf6 38. Bf4 Bg4 39. Be3 Bd1 40. Bf4 Ba1 41. Be3 a5 42. Bf4 a4 43. Bh6
axb3 44. axb3 Bb2 45. Bf4 Bc1 46. Kc3 b4+ 47. Kd3 Bxd2 48. Kxd2 Bxb3 49. Be5
Be6 50. Kd3 Kb5 51. Bf6 Ka4 52. Kc2 c4 53. Bd4 h5 54. Be5 Bd7 55. Bd4 Bc6 56.
e5 Bd7 57. Bb2 Kb5 58. Bd4 Bf5+ 59. Kd2 c3+ 60. Bxc3 bxc3+ 61. Kxc3 Kc5 62. Kd2
Kd5 63. Ke3 Kxe5 64. Kf3 Be4+ 65. Kf2 Kf5 66. Kg1 Kg4 0-1

[Event "20e tournoi de Noël"]
[Site "Montigny le Bretonneux"]
[Date "2019.12.28"]
[Round "4.2"]
[White "Benbakir, Chouaib"]
[Black "Imbert, Christophe"]
[Result "0-1"]
[WhiteElo "1864"]
[BlackElo "1955"]
[Annotator "Rivier,Sylvain"]
[PlyCount "95"]
[EventDate "2019.??.??"]

{Défense des deux cavaliers} 1. e4 e5 2. Nf3 Nc6 3. Bc4 Nf6 4. d3 Be7 5. O-O d6
6. Nbd2 Na5 7. Bb3 Nxb3 8. axb3 O-O 9. Re1 Re8 10. Nf1 Bf8 11. Bg5 h6 12. Bd2
g6 13. Ng3 Bg7 14. c4 Nd7 15. b4 Nf8 16. h3 Ne6 17. Ne2 f5 18. exf5 gxf5 19.
Bc3 Bd7 20. b5 c6 21. bxc6 Bxc6 22. Ng3 Nf4 23. Nxf5 Qf6 24. Ne3 Nxh3+ 25. Kf1
Rf8 26. Nd5 Bxd5 27. cxd5 Nf4 28. d4 e4 29. Rxe4 Qg6 30. Rxf4 Rxf4 31. g3 Rf7
32. Bd2 Qd3+ 33. Kg2 Raf8 34. Bf4 Qe4 35. Qb3 Bxd4 36. Re1 Qg6 37. Nxd4 Rxf4
38. Qe3 Rxf2+ 39. Qxf2 Rxf2+ 40. Kxf2 Qf7+ 41. Nf3 Qxd5 42. g4 Qb5 43. Re2 Qc4
44. g5 hxg5 45. Nxg5 Qh4+ 46. Kf3 Qxg5 47. Rg2 Qxg2+ 48. Kxg2 0-1

[Event "20e tournoi de Noël"]
[Site "Montigny le Bretonneux"]
[Date "2019.12.28"]
[Round "4.3"]
[White "Ibazizen, Abdelatif"]
[Black "Verat-Fayolle, Celian"]
[Result "0-1"]
[WhiteElo "2015"]
[BlackElo "1881"]
[Annotator "Rivier,Sylvain"]
[PlyCount "80"]
[EventDate "2019.??.??"]

{Partie espagnole} 1. e4 e5 2. Nf3 Nc6 3. Bb5 Nge7 4. O-O g6 5. c3 Bg7 6. d4
exd4 7. cxd4 d5 8. exd5 Nxd5 9. Re1+ Be6 10. Ne5 O-O 11. Nxc6 bxc6 12. Bxc6 Rb8
13. Nc3 Nb4 14. Be4 Bxd4 15. a3 Na6 16. Qe2 Nc5 17. Bh6 Nxe4 18. Qxe4 Rxb2 19.
Ne2 Bg7 20. Bxg7 Kxg7 21. Rac1 Qd5 22. Qe3 Qb7 23. Nf4 Qb3 24. Qe5+ Kg8 25. Nh5
gxh5 26. Qg5+ Kh8 27. Qf6+ Kg8 28. Re5 Rc8 29. Qh6 Qd3 30. Rg5+ Qg6 31. Qxh5 c5
32. f4 Ra2 33. f5 Bxf5 34. Rxg6+ hxg6 35. Qf3 c4 36. g4 Bd3 37. h4 Re8 38. h5
Ree2 39. Qd5 Be4 40. Qd8+ Kg7 0-1

[Event "20e tournoi de NoÃ«l"]
[Site "Montigny le Bretonneux"]
[Date "2019.12.28"]
[Round "4.4"]
[White "De Lagontrie, Jean"]
[Black "Drouot, Frederic"]
[Result "0-1"]
[WhiteElo "1699"]
[BlackElo "1976"]
[Annotator "Rivier,Sylvain"]
[PlyCount "76"]
[EventDate "2019.??.??"]

{Gambit dame} 1. d4 Nf6 2. c4 d5 3. cxd5 Nxd5 4. e4 Nf6 5. Nc3 e6 6. Nf3 Be7 7.
Bd3 Nc6 8. e5 Nd5 9. O-O h6 10. a3 Qd7 11. Ne4 b6 12. b4 Bb7 13. Re1 O-O-O 14.
Bb2 f5 15. exf6 gxf6 16. Rc1 Rhg8 17. Ng3 Bd6 18. Kh1 Nce7 19. Qc2 Nf4 20. Bf1
Ned5 21. Rcd1 Rg7 22. Bc1 Rh8 23. Bxf4 Nxf4 24. Re3 h5 25. Ne4 Be7 26. Ne1 h4
27. f3 Nd5 28. Rb3 h3 29. g3 f5 30. Nf2 f4 31. g4 Ne3 32. Rxe3 fxe3 33. Ne4 Bh4
34. Qd3 Bf2 35. Be2 Qf7 36. Nxf2 exf2 37. Nc2 Rxg4 38. Rf1 Rhg8 0-1

[Event "20e tournoi de NoÃ«l"]
[Site "Montigny le Bretonneux"]
[Date "2019.12.28"]
[Round "4.5"]
[White "Vadillo, Torre Ismael"]
[Black "Larcheveque, Francois"]
[Result "0-1"]
[WhiteElo "1633"]
[BlackElo "1985"]
[Annotator "Rivier,Sylvain"]
[PlyCount "65"]
[EventDate "2019.??.??"]

{Partie du pion dame} 1. d4 d5 2. Nf3 Nf6 3. g3 Bf5 4. Bg2 e6 5. O-O Bd6 6. Nc3
c6 7. Re1 O-O 8. Bg5 Nbd7 9. Nh4 Bg4 10. h3 Bh5 11. g4 Bg6 12. e4 dxe4 13. Nxg6
hxg6 14. Bxe4 Qb6 15. Bxf6 Nxf6 16. Rb1 Nxe4 17. Nxe4 Rad8 18. c3 Bb8 19. Qf3
Qc7 20. Qg2 a6 21. a3 Rd5 22. Nc5 Rfd8 23. Nd3 Ba7 24. b4 Bb8 25. Nc5 Qc8 26.
Ne4 e5 27. dxe5 Bxe5 28. c4 Rd4 29. Nc5 Bd6 30. Na4 Qc7 31. c5 Be5 32. Rxe5
Rd1+ 33. Re1 {suite illisible} 0-1

[Event "20e tournoi de Noël"]
[Site "Montigny le Bretonneux"]
[Date "2019.12.28"]
[Round "4.7"]
[White "Claisse, Patrick"]
[Black "Benbakir, Ameur"]
[Result "1-0"]
[WhiteElo "1742"]
[BlackElo "1592"]
[Annotator "Rivier,Sylvain"]
[PlyCount "67"]
[EventDate "2019.??.??"]

{Défense sicilienne, variante du dragon} 1. e4 c5 2. Nf3 d6 3. d4 cxd4 4. Nxd4
Nf6 5. Nc3 g6 6. Be2 Bg7 7. Be3 O-O 8. O-O Bd7 9. h3 Nc6 10. Qd2 a6 11. a4 Rc8
12. Nxc6 Bxc6 13. f3 Re8 14. Rfd1 Qa5 15. Bd4 Nh5 16. Bxg7 Kxg7 17. f4 Qb4 18.
Bxh5 Qc5+ 19. Qd4+ Qxd4+ 20. Rxd4 gxh5 21. Rad1 Kf6 22. R1d2 Rg8 23. Nd5+ Bxd5
24. Rxd5 Rc4 25. R5d4 Rgc8 26. c3 R8c5 27. Kf2 Ke6 28. Ke3 f5 29. exf5+ Kxf5
30. Rxc4 Rxc4 31. Rd5+ e5 32. Rxd6 exf4+ 33. Kf3 Rxa4 34. Rb6 1-0

[Event "20e tournoi de Noël"]
[Site "Montigny le Bretonneux"]
[Date "2019.12.28"]
[Round "4.8"]
[White "Appavou, Calixte"]
[Black "Mongey, Alain"]
[Result "1/2-1/2"]
[WhiteElo "1734"]
[BlackElo "1589"]
[Annotator "Rivier,Sylvain"]
[PlyCount "82"]
[EventDate "2019.??.??"]

{Partie écossaise} 1. e4 e5 2. Nf3 Nc6 3. d4 exd4 4. Nxd4 Nxd4 5. Qxd4 d6 6.
Nc3 Nf6 7. Be2 Be7 8. O-O O-O 9. Be3 Ng4 10. Bxg4 Bxg4 11. f4 Bf6 12. Qd3 Bd7
13. Bd4 Bc6 14. Rae1 Re8 15. Re3 a6 16. Rfe1 Bxd4 17. Qxd4 Re6 18. Rg3 Qf6 19.
e5 dxe5 20. fxe5 Qf5 21. Qf2 Qxf2+ 22. Kxf2 Rd8 23. Rd3 Rde8 24. Rde3 Rd8 25.
R1e2 Kf8 26. a3 b5 27. Rg3 Bb7 28. Ke1 c5 29. Nd1 c4 30. b3 cxb3 31. cxb3 Rc8
32. Rc3 Rec6 33. Kd2 Rd8+ 34. Rd3 Rxd3+ 35. Kxd3 Rc7 36. Nc3 Rd7+ 37. Ke3 Ke7
38. Ne4 Bxe4 39. Kxe4 Rc7 40. Kd4 Ke6 41. Re3 a5 1/2-1/2

[Event "20e tournoi de Noël"]
[Site "Montigny le Bretonneux"]
[Date "2019.12.28"]
[Round "4.9"]
[White "Plantet, Marc"]
[Black "Chaintreau, Thomas"]
[Result "0-1"]
[WhiteElo "1718"]
[BlackElo "1565"]
[Annotator "Rivier,Sylvain"]
[PlyCount "59"]
[EventDate "2019.??.??"]

{Défense est-indienne} 1. d4 Nf6 2. c4 g6 3. h4 d6 4. Nc3 Nbd7 5. e4 e5 6. d5
Bg7 7. Be3 h5 8. Qd2 Ng4 9. O-O-O Nxe3 10. fxe3 Nf6 11. Be2 Bh6 12. Nh3 Ng4 13.
Bxg4 Bxg4 14. Rdf1 Qxh4 15. Nf2 Qg5 16. Ncd1 Rf8 17. Nh3 Qe7 18. Ndf2 Bd7 19.
Nd3 O-O-O 20. Rf3 f5 21. Nhf2 f4 22. exf4 exf4 23. Qa5 Kb8 24. c5 b6 25. cxb6
cxb6 26. Qa3 Bg4 27. Nb4 Rc8+ 28. Rc3 f3+ 29. Kb1 fxg2 30. Re1 0-1

[Event "20e tournoi de Noël"]
[Site "Montigny le Bretonneux"]
[Date "2019.12.28"]
[Round "4.10"]
[White "Fruchard, Alois"]
[Black "Fayolle, Guy"]
[Result "0-1"]
[WhiteElo "1404"]
[BlackElo "1676"]
[Annotator "Rivier,Sylvain"]
[PlyCount "104"]
[EventDate "2019.??.??"]

{Défense est-indienne} 1. d4 Nf6 2. c4 g6 3. Nc3 Bg7 4. e4 d6 5. Bg5 O-O 6. Be2
c6 7. g4 Qa5 8. Bf3 Qxg5 9. h4 Qa5 10. g5 Ne8 11. Qd2 f6 12. h5 Qxg5 13. hxg6
Qxd2+ 14. Kxd2 hxg6 15. Nge2 e5 16. d5 cxd5 17. cxd5 Kf7 18. Rac1 Bd7 19. Rh2
Rh8 20. Rg2 Bh6+ 21. Kd3 Bxc1 22. Nxc1 Ng7 23. Nb3 Nh5 24. Ke3 Nf4 25. Rg1 Na6
26. Na5 Rab8 27. Nc4 Ke7 28. Ne2 Nxe2 29. Bxe2 g5 30. a3 Bb5 31. b3 Nc5 32. Rb1
Bxc4 33. bxc4 b6 34. Bg4 Nb7 35. a4 Nd8 36. a5 Nf7 37. axb6 Rxb6 38. Ra1 a6 39.
Ra5 Nd8 40. Ra3 Nb7 41. Ra1 Nc5 42. f3 Rb3+ 43. Kf2 Rh2+ 44. Kg3 Rbb2 45. Rg1
Nd3 46. Bc8 Nf4 47. Kg4 Rhg2+ 48. Rxg2 Rxg2+ 49. Kf5 a5 50. Ba6 a4 51. c5 dxc5
52. Bc4 a3 0-1

[Event "20e tournoi de NoÃ«l"]
[Site "Montigny le Bretonneux"]
[Date "2019.12.28"]
[Round "4.11"]
[White "Duget, Long Jc"]
[Black "Artieres, Michel"]
[Result "1-0"]
[WhiteElo "1733"]
[BlackElo "1741"]
[Annotator "Rivier,Sylvain"]
[PlyCount "81"]
[EventDate "2019.??.??"]

{DÃ©fense Alekhine, variante des quatre pions} 1. e4 Nf6 2. e5 Nd5 3. d4 d6 4.
c4 Nb6 5. exd6 exd6 6. Nc3 Be7 7. Be3 Be6 8. b3 N8d7 9. h3 Bf6 10. Rc1 Bf5 11.
Qf3 Bg6 12. Qxb7 O-O 13. Qc6 Qe7 14. Be2 Nb8 15. Qf3 c5 16. dxc5 dxc5 17. h4
N8d7 18. h5 Ne5 19. Qf4 Nd3+ 20. Bxd3 Bxd3 21. h6 g6 22. Nge2 Nd7 23. Nd5 Qd8
24. Nxf6+ Nxf6 25. Rd1 Ne4 26. Qe5 f6 27. Qd5+ Qxd5 28. cxd5 Bxe2 29. Kxe2 Nc3+
30. Kd3 Nxd1 31. Rxd1 Rac8 32. Kc4 Kf7 33. Bxc5 Rfd8 34. b4 Rd7 35. d6 Re8 36.
Rd2 a6 37. Kd5 Re5+ 38. Kc6 Ke6 39. Rd3 Re2 40. Ra3 Rc2 41. Re3+ 1-0

[Event "20e tournoi de NoÃ«l"]
[Site "Montigny le Bretonneux"]
[Date "2019.12.28"]
[Round "4.12"]
[White "Faris, Marouane"]
[Black "Rafalimanana, Hary"]
[Result "1-0"]
[WhiteElo "1563"]
[BlackElo "1210"]
[Annotator "Rivier,Sylvain"]
[PlyCount "57"]
[EventDate "2019.??.??"]

{DÃ©fense Alekhine, variante moderne} 1. e4 Nf6 2. e5 Nd5 3. d4 d6 4. Nf3 Bg4
5. exd6 exd6 6. Be2 Be7 7. c4 Nb6 8. Qb3 Nc6 9. Be3 O-O 10. O-O Re8 11. Nbd2
Bf6 12. Bd3 Rb8 13. a3 Qd7 14. d5 Ne5 15. Nxe5 Bxe5 16. Qc2 Rf8 17. Bxh7+ Kh8
18. Ne4 f5 19. Ng5 Rf6 20. f4 Bxb2 21. Qxb2 Nxc4 22. Qd4 Nxe3 23. Qxe3 b6 24.
Rae1 Bh5 25. Qh3 Rh6 26. Bxf5 Qb5 27. Re6 Bg6 28. Nf7+ Kg8 29. Nxh6+ 1-0

[Event "20e tournoi de NoÃ«l"]
[Site "Montigny le Bretonneux"]
[Date "2019.12.28"]
[Round "4.13"]
[White "Montay, Jean-Paul"]
[Black "Sondermeijer, Damien"]
[Result "0-1"]
[WhiteElo "1298"]
[BlackElo "1503"]
[Annotator "Rivier,Sylvain"]
[PlyCount "68"]
[EventDate "2019.??.??"]

{Partie italienne} 1. e4 e5 2. Nf3 Nc6 3. Bc4 Bc5 4. d3 Nf6 5. O-O d6 6. Be3
Bb6 7. Nc3 Bg4 8. Qd2 Bxf3 9. gxf3 Bxe3 10. fxe3 Qd7 11. Kh1 O-O-O 12. a4 g5
13. b4 Nxb4 14. Rab1 c5 15. Bb5 Qe7 16. Rb2 a6 17. Bc4 Kc7 18. Na2 Nc6 19. Rfb1
Rb8 20. Nc3 h5 21. Bd5 Qd7 22. Bxc6 Qxc6 23. Rb6 Qd7 24. Nd5+ Nxd5 25. exd5
Qxa4 26. e4 g4 27. fxg4 hxg4 28. c4 g3 29. Qg5 Rxh2+ 30. Kg1 Qd7 31. Qxg3 Qh3
32. Qxh2 Rg8+ 33. Kh1 Qf3+ 34. Qg2 Qxg2# 0-1

[Event "20e tournoi de NoÃ«l"]
[Site "Montigny le Bretonneux"]
[Date "2019.12.28"]
[Round "4.14"]
[White "Sondermeijer, Antoine"]
[Black "Chaintreau, Maxime"]
[Result "1-0"]
[WhiteElo "1482"]
[BlackElo "1259"]
[Annotator "Rivier,Sylvain"]
[PlyCount "45"]
[EventDate "2019.??.??"]

{Partie italienne, guiocco piano} 1. e4 e5 2. Bc4 Nc6 3. Nf3 Bc5 4. c3 Nf6 5.
d3 d6 6. O-O a6 7. a4 Be6 8. Ba2 h6 9. b4 Ba7 10. Re1 O-O 11. h3 Re8 12. Be3
Qd7 13. Kh2 Re7 14. Bxa7 Nxa7 15. Nbd2 Rae8 16. Bb1 Qc6 17. Qc2 b5 18. d4 Bd7
19. d5 Qb7 20. a5 c6 21. Rd1 cxd5 22. exd5 Nxd5 23. Qh7+ 1-0

[Event "20e tournoi de Noël"]
[Site "Montigny le Bretonneux"]
[Date "2019.12.28"]
[Round "4.15"]
[White "Quenehen, Nassim"]
[Black "Longbien, Dominique"]
[Result "1/2-1/2"]
[WhiteElo "1261"]
[BlackElo "1413"]
[Annotator "Rivier,Sylvain"]
[PlyCount "111"]
[EventDate "2019.??.??"]

{Gambit dame accepté} 1. d4 d5 2. c4 dxc4 3. e3 e6 4. Bxc4 Nf6 5. Nf3 Bd6 6.
Nc3 O-O 7. O-O a6 8. e4 Bb4 9. Bd3 h6 10. a3 Be7 11. e5 Nd5 12. Nxd5 exd5 13.
Bc2 f5 14. b4 b6 15. Bd2 c5 16. bxc5 bxc5 17. dxc5 Bxc5 18. Bb3 Be6 19. Bc3 Nc6
20. Nd4 Nxd4 21. Bxd4 Qb6 22. Bxc5 Qxc5 23. Qd3 Rfd8 24. Rfc1 Qb6 25. Rc3 d4
26. Bxe6+ Qxe6 27. Rc5 Rac8 28. Rac1 Rxc5 29. Rxc5 Qb6 30. Qc4+ Kh7 31. Qb4
Qxb4 32. axb4 d3 33. Rc1 d2 34. Rd1 Rc8 35. Kf1 Re8 36. f4 g5 37. g3 Rb8 38.
Rxd2 Rxb4 39. fxg5 hxg5 40. Rd7+ Kg8 41. e6 Re4 42. Rd6 a5 43. Rd5 Rxe6 44.
Rxf5 a4 45. Rxg5+ Kh7 46. Ra5 Re4 47. Kf2 Kg6 48. Kf3 Rb4 49. Rc5 a3 50. Rc1 a2
51. Ra1 Ra4 52. Ke3 Kg5 53. h4+ Kg4 54. Kd3 Ra3+ 55. Kc2 Rxg3 56. Rxa2 1/2-1/2

[Event "20e tournoi de Noël"]
[Site "Montigny le Bretonneux"]
[Date "2019.12.28"]
[Round "4.16"]
[White "Boucher, Francis"]
[Black "Sanchez-Narboni, Quentin"]
[Result "0-1"]
[WhiteElo "1100"]
[BlackElo "1352"]
[Annotator "Rivier,Sylvain"]
[PlyCount "76"]
[EventDate "2019.??.??"]

{Défense hollandaise} 1. d4 e6 2. c4 f5 3. Nf3 Nf6 4. h3 Be7 5. Nc3 b6 6. e3
Bb7 7. Be2 O-O 8. O-O d6 9. Ng5 Qc8 10. Nf3 Nbd7 11. b3 c5 12. Bb2 Re8 13. d5
exd5 14. cxd5 Ne4 15. Bd3 Bf6 16. Qc2 Bxc3 17. Bxc3 Bxd5 18. Bb2 Ne5 19. Nxe5
dxe5 20. Rab1 Qe6 21. Kh2 Nd6 22. Rfd1 Kh8 23. Rd2 Rad8 24. Re2 Bc6 25. f3 e4
26. fxe4 Bxe4 27. Bxe4 Nxe4 28. Rg1 Qd6+ 29. g3 Re6 30. Reg2 Rh6 31. Rf1 Rxh3+
32. Kg1 Qh6 33. Bxg7+ Kxg7 34. Qb2+ Kg6 35. Rh2 Qxe3+ 36. Qf2 Nxf2 37. Rfxf2
Rd1+ 38. Kg2 Rxh2+ 0-1

[Event "20e tournoi de NoÃ«l"]
[Site "Montigny le Bretonneux"]
[Date "2019.12.28"]
[Round "4.17"]
[White "Konate, Foune"]
[Black "Ries, Antoine"]
[Result "1-0"]
[WhiteElo "1199"]
[BlackElo "1313"]
[Annotator "Rivier,Sylvain"]
[PlyCount "47"]
[EventDate "2019.??.??"]

{DÃ©fense franÃ§aise, variante d'avance} 1. e4 e6 2. d4 d5 3. e5 c5 4. c3 cxd4
5. cxd4 Bb4+ 6. Nc3 Nc6 7. a3 Bxc3+ 8. bxc3 Nge7 9. Bd3 Bd7 10. Qc2 Ng6 11. Nf3
Nce7 12. Ng5 O-O 13. O-O f5 14. exf6 Rxf6 15. Nf3 Rxf3 16. gxf3 Nf5 17. Kh1 Qc7
18. Rg1 Nf4 19. Rg4 Ba4 20. Qd2 Nxd3 21. Qxd3 Rf8 22. Bf4 Qf7 23. Rag1 g6 24.
h4 1-0